| 000 | 00417nam a2200181Ia 4500 | ||
|---|---|---|---|
| 008 | 170705s9999 xx 000 0 und d | ||
| 020 | _a9780439162937 | ||
| 245 | _aBats / | ||
| 245 | _cLily Wood. | ||
| 260 | _aNew York : | ||
| 260 | _bScholastic, | ||
| 260 | _c2000 | ||
| 300 | _a32 pages : | ||
| 300 | _bcolor illustration ; | ||
| 300 | _c23cm. | ||
| 440 | _aScholastic science readers. | ||
| 500 | _a220 | ||
| 999 |
_c335392 _d335392 |
||